Cummings Otolaryngology (Record no. 15596)
[ view plain ]
| 000 -LEADER | |
|---|---|
| fixed length control field | 00728nam a22002417a 4500 |
| 008 - FIXED-LENGTH DATA ELEMENTS--GENERAL INFORMATION | |
| fixed length control field | 160208b xxu||||| |||| 00| 0 eng d |
| 020 ## - INTERNATIONAL STANDARD BOOK NUMBER | |
| International Standard Book Number | 0323052832 |
| 110 ## - MAIN ENTRY--CORPORATE NAME | |
| Corporate name or jurisdiction name as entry element | Cummings Otolaryngology |
| 245 ## - TITLE STATEMENT | |
| Title | Cummings Otolaryngology |
| Remainder of title | Health Neck Surgery |
| 250 ## - EDITION STATEMENT | |
| Edition statement | 5th |
| 260 ## - PUBLICATION, DISTRIBUTION, ETC. (IMPRINT) | |
| Place of publication, distribution, etc. | China |
| Name of publisher, distributor, etc. | MOSBY Elsevier |
| Date of publication, distribution, etc. | 2010 |
| 300 ## - PHYSICAL DESCRIPTION | |
| Extent | xlii, 1011 |
| Other physical details | ill. |
| 440 ## - SERIES STATEMENT/ADDED ENTRY--TITLE | |
| Volume/sequential designation | Vol 1 |
| 650 ## - SUBJECT ADDED ENTRY--TOPICAL TERM | |
| Source of heading or term | Otolaryngology, operative |
| 650 ## - SUBJECT ADDED ENTRY--TOPICAL TERM | |
| Source of heading or term | Otorhinolaryngologic Surgical Procedures |
| 700 ## - ADDED ENTRY--PERSONAL NAME | |
| Personal name | Bruce H. Haughey |
| 700 ## - ADDED ENTRY--PERSONAL NAME | |
| Personal name | Valarie J. Luno |
| 700 ## - ADDED ENTRY--PERSONAL NAME | |
| Personal name | John K. Niparko |
| 700 ## - ADDED ENTRY--PERSONAL NAME | |
| Personal name | Mark A. Richardson |
| 700 ## - ADDED ENTRY--PERSONAL NAME | |
| Personal name | K. Thomas Robbins |
| 700 ## - ADDED ENTRY--PERSONAL NAME | |
| Personal name | J. Reagan Thomas |
| 942 ## - ADDED ENTRY ELEMENTS (KOHA) | |
| Source of classification or shelving scheme | Library of Congress Classification |
| Koha item type | General Collection |
| Edition | 5th Ed |
| Classification part | RF 51 |
| Call number prefix | .086 2010 Vol 1. C.1 |
| Withdrawn status | Lost status | Source of classification or shelving scheme | Not for loan | Home library | Current library | Shelving location | Date acquired | Cost, normal purchase price | Total Checkouts | Full call number | Barcode | Date last seen | Copy number | Price effective from | Koha item type |
|---|---|---|---|---|---|---|---|---|---|---|---|---|---|---|---|
| Library of Congress Classification | Kabarak, Main Campus | Kabarak, Main Campus | General Stacks | 08/02/2016 | 54564.40 | RF 51 .086 2010 Vol 1 C.1 | 017278 | 08/02/2016 | c.1 | 08/02/2016 | General Collection | ||||
| Library of Congress Classification | Kabarak, Main Campus | Kabarak, Main Campus | General Stacks | 09/02/2016 | 54.00 | RF 51 .O86 2010 Vol 2 C.1 | 09/02/2016 | c.1 | 09/02/2016 | General Collection | |||||
| Library of Congress Classification | Kabarak, Main Campus | Kabarak, Main Campus | General Stacks | 09/02/2016 | 54.00 | RF 51 .O86 2010 Vol 3 C.1 | 09/02/2016 | c.1 | 09/02/2016 | General Collection |